| 000 | 00707nam a2200277Ia 4500 | ||
|---|---|---|---|
| 008 | 160803s9999 xx 000 0 und d | ||
| 020 | _a978-0380709588 | ||
| 100 | _aCleary, Beverly | ||
| 245 | _aDear Mr. Henshaw / | ||
| 245 | _cBeverly Cleary ; illustrated by Paul O. Zelinsky. | ||
| 260 | _aNew York : | ||
| 260 | _bScholastic Inc. | ||
| 260 | _c1983 | ||
| 300 | _a133 pages : | ||
| 300 | _billustrations ; | ||
| 300 | _c21 cm. | ||
| 650 | _aDivorce -- | ||
| 650 | _aDivorce -- | ||
| 650 | _aParent and child -- | ||
| 650 | _aSchools -- | ||
| 650 | _xFiction. | ||
| 650 | _xJuvenile fiction. | ||
| 650 | _xJuvenile fiction. | ||
| 650 | _xJuvenile fiction. | ||
| 700 | _a910 | ||
| 999 |
_c298080 _d298080 |
||